Mezinárodní obchod v krátkodobé perspektivě

Prognózy a okolnosti vplývajúce na vývoj medzinárodného obchodu. Obmedzenie priemyselnej produkcie a zmrazenie investičných aktivít vyspelých štátov. Perspektívy exportu členských štátov EÚ. Rozvojová stratégia a konkurencia.

Saved in:
Bibliographic Details
Main Author: Sereghyová, Jana
Format: Book Chapter
Language:Czech
Subjects:
Tags: Add Tag
No Tags, Be the first to tag this record!

MARC

LEADER 00000naa$a2200000$$$4500
001 0113946
005 20220928103010.8
041 0 |a cze 
044 |a CZ 
245 1 0 |a Mezinárodní obchod v krátkodobé perspektivě  |c Jana Sereghyová 
520 |a Prognózy a okolnosti vplývajúce na vývoj medzinárodného obchodu. Obmedzenie priemyselnej produkcie a zmrazenie investičných aktivít vyspelých štátov. Perspektívy exportu členských štátov EÚ. Rozvojová stratégia a konkurencia. 
610 2 0 |a obchod medzinárodný 
610 2 0 |a vývoz 
610 2 0 |a dovoz 
610 2 0 |a Európa 
610 2 0 |a svet 
610 2 0 |a trh medzinárodný 
610 2 0 |a konkurencieschopnosť 
100 1 |a Sereghyová, Jana